En blanco : (Registro nro. 4014)
[ vista simple ]
| 000 -LEADER | |
|---|---|
| fixed length control field | 01161nas a2200349Ia 4500 |
| 003 - CONTROL NUMBER IDENTIFIER | |
| control field | PE SENCICO BE |
| 005 - DATE AND TIME OF LATEST TRANSACTION | |
| control field | 20251020182632.0 |
| 008 - FIXED-LENGTH DATA ELEMENTS--GENERAL INFORMATION | |
| fixed length control field | 230227c99999999xx |||||||||||| ||spa|| |
| 022 ## - INTERNATIONAL STANDARD SERIAL NUMBER | |
| International Standard Serial Number | 1888-5616 |
| 040 ## - CATALOGING SOURCE | |
| Original cataloging agency | PE SENCICO BE |
| Transcribing agency | PE SENCICO BE |
| 041 ## - LANGUAGE CODE | |
| Language code of text/sound track or separate title | spa |
| 110 1# - MAIN ENTRY--CORPORATE NAME | |
| Corporate name or jurisdiction name as entry element | General de Ediciones de Arquitectura S. L. |
| 9 (RLIN) | 2370 |
| 245 10 - TITLE STATEMENT | |
| Title | En blanco : |
| Remainder of title | revista de arquitectura / |
| Statement of responsibility, etc. | General de Ediciones de Arquitectura S. L. |
| 260 ## - PUBLICATION, DISTRIBUTION, ETC. | |
| Place of publication, distribution, etc. | Valencia: |
| Name of publisher, distributor, etc. | General de Ediciones de Arquitectura ; |
| Date of publication, distribution, etc. | 2012 - |
| 300 ## - PHYSICAL DESCRIPTION | |
| Extent | v. |
| Other physical details | il. col. ; |
| Dimensions | 28 cm. |
| 310 ## - CURRENT PUBLICATION FREQUENCY | |
| Current publication frequency | Cuatrimestral |
| 500 ## - GENERAL NOTE | |
| General note | Descripción basada en: N° 8 (2012) |
| 650 #0 - SUBJECT ADDED ENTRY--TOPICAL TERM | |
| Topical term or geographic name entry element | Arquitectura |
| 9 (RLIN) | 49 |
| 650 20 - SUBJECT ADDED ENTRY--TOPICAL TERM | |
| Topical term or geographic name entry element | Concreto armado |
| 9 (RLIN) | 550 |
| 650 20 - SUBJECT ADDED ENTRY--TOPICAL TERM | |
| Topical term or geographic name entry element | Arquitectura moderna |
| 9 (RLIN) | 191 |
| 650 20 - SUBJECT ADDED ENTRY--TOPICAL TERM | |
| Topical term or geographic name entry element | Diseño arquitectónico |
| 9 (RLIN) | 18 |
| 650 20 - SUBJECT ADDED ENTRY--TOPICAL TERM | |
| Topical term or geographic name entry element | Espacios públicos |
| 9 (RLIN) | 760 |
| 650 20 - SUBJECT ADDED ENTRY--TOPICAL TERM | |
| Topical term or geographic name entry element | Arquitectura paisajista urbana |
| 9 (RLIN) | 1430 |
| 650 20 - SUBJECT ADDED ENTRY--TOPICAL TERM | |
| Topical term or geographic name entry element | Arquitectura urbana |
| 9 (RLIN) | 570 |
| 650 20 - SUBJECT ADDED ENTRY--TOPICAL TERM | |
| Topical term or geographic name entry element | Arquitectura ecológica |
| 9 (RLIN) | 806 |
| 650 20 - SUBJECT ADDED ENTRY--TOPICAL TERM | |
| Topical term or geographic name entry element | Arquitectura de interiores |
| 9 (RLIN) | 8 |
| 650 20 - SUBJECT ADDED ENTRY--TOPICAL TERM | |
| Topical term or geographic name entry element | Arquitectura religiosa |
| 9 (RLIN) | 380 |
| 866 ## - TEXTUAL HOLDINGS--BASIC BIBLIOGRAPHIC UNIT | |
| Existencias | 2012 : No. 8 |
| 866 ## - TEXTUAL HOLDINGS--BASIC BIBLIOGRAPHIC UNIT | |
| Existencias | 2013 : No. 11, 13 |
| 910 ## - USER-OPTION DATA (OCLC) | |
| User-option data | hfp |
| -- | hfp |
| -- | hfp |
| 942 ## - ADDED ENTRY ELEMENTS (KOHA) | |
| Koha item type | Revista |
| Source of classification or shelving scheme | Dewey Decimal Classification |
| Fecha de la última vez que lo usaron | Pago total | Signatura topográfica completa | Código de barras | Precio efectivo desde | Tipo de documento | Estado perdido | Estado dañado | No es para préstamo | Retirado | Ubicación permanente | Ubicación actual | Fecha de adquisición |
|---|---|---|---|---|---|---|---|---|---|---|---|---|
| 28/02/2023 | No. 8; 2012 | BibLima24070008 | 28/02/2023 | Revista | Biblioteca Central Lima | Biblioteca Central Lima | 28/02/2023 | |||||
| 02/07/2024 | No. 11; 2013 | BibLima24070009 | 02/07/2024 | Revista | Biblioteca Central Lima | Biblioteca Central Lima | 02/07/2024 | |||||
| 02/07/2024 | No. 13; 2013 | BibLima24070010 | 02/07/2024 | Revista | Biblioteca Central Lima | Biblioteca Central Lima | 02/07/2024 |